[Event "FRA-chT2S 0203"]
[Site "France"]
[Date "2003.??.??"]
[Round "10.6"]
[White "Dourerassou, Jonathan"]
[Black "Rakotonoely, Bruce"]
[Result "1-0"]
[WhiteElo "2115"]
[BlackElo "1950"]
[PlyCount "73"]
[EventDate "2002.10.??"]
[EventType "team"]
[EventRounds "11"]
[EventCountry "FRA"]
[SourceTitle "EXT 2004"]
[Source "ChessBase"]
[SourceDate "2003.11.25"]
[SourceVersion "1"]
[SourceVersionDate "2003.11.25"]
[SourceQuality "1"]
[WhiteTeam "Creteil"]
[BlackTeam "Cergy Pontoise"]
[WhiteTeamCountry "FRA"]
[BlackTeamCountry "FRA"]

1. e4 c5 2. Nc3 Nc6 3. Nf3 d6 4. d4 cxd4 5. Nxd4 Nf6 6. Bg5 e6 7. f4 Be7 8. Qd2 h6 9. Bxf6 Bxf6 10. Ndb5 Be7 11. 0-0-0 0-0 12. Nxd6 Qa5 13. Nc4 Qc7 14. Nb5 Qb8 15. Be2 a6 16. Nbd6 Qc7 17. e5 b5 18. Nxc8 Rfxc8 19. Nd6 Rf8 20. Bf3 Ra7 21. Qf2 Na5 22. Rd3 Nc4 23. Rhd1 Bxd6 24. exd6 Qa5 25. a3 Rd7 26. Bc6 Rdd8 27. Qc5 Qb6 28. Qxb6 Nxb6 29. d7 f6 30. Rd6 Kf7 31. Bb7 Nc4 32. Rxa6 Ke7 33. Bc8 Ne3 34. Re1 Nxg2 35. Raxe6+ Kf7 36. Re7+ Kg8 37. Rg1 1-0